00394nam a2200145Ia 4500003000400000008004100004040001600045082001600061100001700077245008400094260003100178650000900209650001100218650001900229GCL140319s9999 xx 000 0 eng d aGCL / cGCL04a750.18bP C1 aPEARCE,CYRIL10aCOMPASITION: AN ANALYSIS OF THE PRINCIPLES OF PICTORIAL DESIGN / cPEARCE,CYRIL a[S.N] : bB.T.BATSFORD LTD04aARTS04aDESIGN04aART, PICTORIAL